000 01007nam a2200229 a 4500
001 78966
003 BD-RjUL
005 20211209083209.0
008 211205s2018 bg ||||| |||| 00| 0 ben d
020 _a 97898490080783
_c: Tk. 400.00
035 _a(BD-RjUL)79193
040 _aBD-RjUL
_beng
_cBD-RjUL
041 _aben
082 _223
_a954.9205092
_bPIT 2018
245 _aজাতির পিতা বঙ্গবন্ধু শেখ মুজিবুর রহমান /
_cএস. এম. আনোয়ারা সম্পাদিত
260 _aঢাকা :
_bন্যাশনাল পাবলিকেশন,
_c ২০১৮
300 _a২২৩ পৃষ্ঠা :
_bচিত্রসমূহ ;
_c২২ সে.মি.
600 _aমুজিবুর রহমান,
_cশেখ,
_d১৯২০-১৯৭৫
_9250998
600 _aMujibur Rahman,
_cSheikh,
_d1920-1975
_9250999
700 _aআনোয়ারা, এস. এম.
_9251000
942 _2ddc
_cBK
999 _c78966
_d78966